Aspekty marketingové komunikace vysoké školy vzhledem k získání nových zákazníků

Konkurenčné prostredie na trhu vzdelávania. Manažment školy a rozvoj vzdelávacej inštitúcie. Zmena interného a externého prostredia vysokej školy. Zameranie sa na zákazníka v zmysle "total customer care". Práca s verejnosťou.

Salvato in:
Dettagli Bibliografici
Autore principale: Vaštíková, Miroslava
Altri autori: Matušínská, Kateřina, Vaněk, Jindřich
Natura: Capitolo di libro
Lingua:ceco
Soggetti:
Tags: Aggiungi Tag
Nessun Tag, puoi essere il primo ad aggiungerne!!

MARC

LEADER 00000naa a2200000 4500
001 0141653
005 20231207101639.3
041 0 |a cze 
044 |a CZ 
245 1 0 |a Aspekty marketingové komunikace vysoké školy vzhledem k získání nových zákazníků  |c Miroslava Vaštíková, Kateřina Matušínská, Jindřich Vaněk 
520 |a Konkurenčné prostredie na trhu vzdelávania. Manažment školy a rozvoj vzdelávacej inštitúcie. Zmena interného a externého prostredia vysokej školy. Zameranie sa na zákazníka v zmysle "total customer care". Práca s verejnosťou. 
610 2 0 |a univerzity 
610 2 0 |a štúdium vysokoškolské 
610 2 0 |a vzdelávanie vysokoškolské 
610 2 0 |a kvalita vzdelávania 
610 2 0 |a školy vysoké 
610 2 0 |a konkurencia 
610 2 0 |a propagácia 
100 1 |a Vaštíková, Miroslava 
700 1 |a Matušínská, Kateřina 
700 1 |a Vaněk, Jindřich